Statistiche per Versi celebri della letteratura italiana - parte 2

Clicka qui per fare il quiz!

Statistiche generali

  • Questo quiz è stato fatto 434 volte
  • Il punteggio medio è 7 su 10

Statistiche sulle risposte

VersoAutore% Corretto
Silvia, rimembri ancora
Quel tempo della tua vita mortale,
Quando beltà splendea
Negli occhi tuoi ridenti e fuggitivi.
Giacomo Leopardi
95%
M'illumino
d'immenso.
Giuseppe Ungaretti
92%
Amor, ch’a nullo amato amar perdona.Dante Alighieri
80%
Ho sceso, dandoti il braccio, almeno un milione di scale
e ora che non ci sei è il vuoto ad ogni gradino.
Eugenio Montale
79%
La nebbia a gl'irti colli
piovigginando sale,
e sotto il maestrale
urla e biancheggia il mar.
Giosuè Carducci
76%
Ei fu. Siccome immobile,
Dato il mortal sospiro,
Stette la spoglia immemore
Orba di tanto spiro.
Alessandro Manzoni
75%
Canto l'arme pietose e 'l capitano
che 'l gran sepolcro liberò di Cristo.
Torquato Tasso
71%
Ognuno sta solo sul cuore della terra
trafitto da un raggio di sole:
ed è subito sera.
Salvatore Quasimodo
57%
Io voglio del ver la mia donna laudare
ed asembrarli la rosa e lo giglio:
più che stella dïana splende e pare,
e ciò ch’è lassù bello a lei somiglio.
Guido Guinizzelli
44%
Ahi fero giorno! Allor che la sua bella
vergine cuccia delle Grazie alunna,
giovenilmente vezzeggiando, il piede
villan del servo con l'eburneo dente
segnò di lieve nota...
Giuseppe Parini
34%

Distribuzione punteggi

Percentile per numero di risposta

Percentuale di utenti per punteggio

I tuoi punteggi nel tempo

Non hai fatto questo quiz